<?xml version="1.0" encoding="UTF-8"?><?xml-stylesheet type="text/xsl" href="static/style.xsl"?><OAI-PMH xmlns="http://www.openarchives.org/OAI/2.0/" xmlns:xsi="http://www.w3.org/2001/XMLSchema-instance" xsi:schemaLocation="http://www.openarchives.org/OAI/2.0/ http://www.openarchives.org/OAI/2.0/OAI-PMH.xsd"><responseDate>2026-04-17T22:25:02Z</responseDate><request verb="GetRecord" identifier="oai:www.recercat.cat:20.500.12327/5087" metadataPrefix="marc">https://recercat.cat/oai/request</request><GetRecord><record><header><identifier>oai:recercat.cat:20.500.12327/5087</identifier><datestamp>2026-02-28T23:30:50Z</datestamp><setSpec>com_2072_4428</setSpec><setSpec>com_2072_4427</setSpec><setSpec>col_2072_487898</setSpec></header><metadata><record xmlns="http://www.loc.gov/MARC21/slim" xmlns:dcterms="http://purl.org/dc/terms/" xmlns:xsi="http://www.w3.org/2001/XMLSchema-instance" xmlns:doc="http://www.lyncode.com/xoai" xsi:schemaLocation="http://www.loc.gov/MARC21/slim http://www.loc.gov/standards/marcxml/schema/MARC21slim.xsd">
   <leader>00925njm 22002777a 4500</leader>
   <datafield ind2=" " ind1=" " tag="042">
      <subfield code="a">dc</subfield>
   </datafield>
   <datafield ind2=" " ind1=" " tag="720">
      <subfield code="a">Barnés Calle, Clara</subfield>
      <subfield code="e">author</subfield>
   </datafield>
   <datafield ind2=" " ind1=" " tag="720">
      <subfield code="a">Gou, Pere</subfield>
      <subfield code="e">author</subfield>
   </datafield>
   <datafield ind2=" " ind1=" " tag="720">
      <subfield code="a">Fulladosa, Elena</subfield>
      <subfield code="e">author</subfield>
   </datafield>
   <datafield ind2=" " ind1=" " tag="720">
      <subfield code="a">van den Berg, Frans W.J.</subfield>
      <subfield code="e">author</subfield>
   </datafield>
   <datafield ind2=" " ind1=" " tag="260">
      <subfield code="c">2026-01-21</subfield>
   </datafield>
   <datafield ind2=" " ind1=" " tag="520">
      <subfield code="a">Fourier transform infrared spectroscopy (FTIR) combined with Amide I band deconvolution has been used to&#xd;
investigate protein structural changes occurring during high moisture extrusion processing (HMEP). However, it&#xd;
is a sensitive, user-dependent technique that has sparked debate over its appropriate analytical approach. This&#xd;
paper aims to assess the suitability of FTIR Amide I band deconvolution to investigate protein structural changes&#xd;
in fava bean protein concentrate (FBPC) caused by temperature treatment and/or HMEP at different temperatures&#xd;
(110 ◦C, 135 ◦C and 165 ◦C), and to explore its relationship with the texturisation level of the obtained&#xd;
products. Influence of sample preparation and parameter selection during FTIR deconvolution procedure was&#xd;
also explored. To do so, FBPC was heated in a convection oven or subjected to HMEP at different temperatures&#xd;
(110, 135 or 165 ◦C), and Fourier self-deconvolution (FSD) and second derivative (SD) were explored as bandnarrowing&#xd;
methods to analyse protein conformation from FTIR spectra. FTIR Amide I band deconvolution&#xd;
showed high sensitivity to sample preparation and parameter selection during FSD and SD analytical procedure.&#xd;
Results suggested that HMEP caused the denaturation of β-sheet forms present initially in FBPC, and an increase&#xd;
of other structures including intermolecular β-sheet and/or aggregates—probably due to the formation of new&#xd;
intermolecular bonds. Moreover, although higher temperature during HMEP enhanced fibre-like structure formation,&#xd;
texturisation level could not be directly related to the protein conformation of the final high moisture</subfield>
   </datafield>
   <datafield ind1="8" ind2=" " tag="024">
      <subfield code="a">1386-1425</subfield>
   </datafield>
   <datafield ind1="8" ind2=" " tag="024">
      <subfield code="a">https://hdl.handle.net/20.500.12327/5087</subfield>
   </datafield>
   <datafield ind1="8" ind2=" " tag="024">
      <subfield code="a">https://doi.org/10.1016/j.saa.2026.127509</subfield>
   </datafield>
   <datafield ind2="0" ind1="0" tag="245">
      <subfield code="a">Exploring the use of FTIR Amide I band deconvolution to investigate protein secondary structure and texturisation during high moisture extrusion</subfield>
   </datafield>
</record></metadata></record></GetRecord></OAI-PMH>